Acuerdos patrimoniales en el marco de un divorcio : (Registro nro. 5787)
[ vista simple ]
| 000 -LEADER | |
|---|---|
| fixed length control field | 00988nab a22002297a 4500 |
| 003 - CONTROL NUMBER IDENTIFIER | |
| control field | OSt |
| 005 - DATE AND TIME OF LATEST TRANSACTION | |
| control field | 20260106181557.0 |
| 008 - FIXED-LENGTH DATA ELEMENTS--GENERAL INFORMATION | |
| fixed length control field | 190514b xxu||||| |||| 00| 0 spa d |
| 040 ## - CATALOGING SOURCE | |
| Transcribing agency | PJ |
| 100 ## - MAIN ENTRY--PERSONAL NAME | |
| 9 (RLIN) | 6694 |
| Personal name | Roldan, Cinthia Vanesa |
| 245 10 - TITLE STATEMENT | |
| Title | Acuerdos patrimoniales en el marco de un divorcio : |
| Remainder of title | el sometimiento económico como vicio de la voluntad / |
| Statement of responsibility, etc | Cinthia Vanesa Roldan. |
| 300 ## - PHYSICAL DESCRIPTION | |
| Extent | p. 147-156 |
| 505 ## - FORMATTED CONTENTS NOTE | |
| Formatted contents note | Sumario: I. Introducción.— II. Crónica de un divorcio cis.— III. La ardua tarea de desandar lo suscripto.— IV. Palabras de cierre. |
| 505 ## - FORMATTED CONTENTS NOTE | |
| Title | Si te interesa el texto, comunicate a koha@justierradelfuego.gov.ar |
| 650 #0 - SUBJECT ADDED ENTRY--TOPICAL TERM | |
| 9 (RLIN) | 967 |
| Topical term or geographic name as entry element | DERECHO DE FAMILIA |
| 650 #0 - SUBJECT ADDED ENTRY--TOPICAL TERM | |
| Topical term or geographic name as entry element | CODIGO CIVIL Y COMERCIAL |
| 9 (RLIN) | 1497 |
| 650 #0 - SUBJECT ADDED ENTRY--TOPICAL TERM | |
| Topical term or geographic name as entry element | DIVORCIO |
| 9 (RLIN) | 977 |
| 650 #0 - SUBJECT ADDED ENTRY--TOPICAL TERM | |
| Topical term or geographic name as entry element | VIOLENCIA ECONÓMICA |
| 9 (RLIN) | 5360 |
| 650 #0 - SUBJECT ADDED ENTRY--TOPICAL TERM | |
| Topical term or geographic name as entry element | REGIMEN PATRIMONIAL DEL MATRIMONIO |
| 9 (RLIN) | 723 |
| 773 0# - HOST ITEM ENTRY | |
| Host Biblionumber | 2844 |
| Host Itemnumber | 3222 |
| Place, publisher, and date of publication | Buenos Aires : AbeledoPerrot, 1989- |
| Title | Derecho de familia. N° 115 - Julio 2024 |
| International Standard Book Number | 18511201 |
| 942 ## - ADDED ENTRY ELEMENTS (KOHA) | |
| Source of classification or shelving scheme | |
| Koha item type | Analítica Artículo de Revista |
No hay ítems disponibles.
